[Event "Tourn. n9529"]
[Site "www.chess-mail.com"]
[Date "2017.11.08"]
[Round "1"]
[White "Prize64"]
[Black "Libiesse"]
[WhiteElo "1820"]
[BlackElo "1740"]
[Result "1-0"]
[Round "1"]
1.e4 c5
2.Ng1f3 e6
3.c3 Bf8e7
4.d4 d5
5.exd5 cxd4
6.dxe6 Bc8xe6
7.Nf3xd4 Qd8d6
8.Bf1b5 Nb8d7
9.Nd4xe6 Qd6xe6
10.Bc1e3 Ng8f6
11.O-O a6
12.Bb5a4 b5
13.Ba4b3 Qe6c6
14.Nb1d2 Ra8d8
15.Qd1e2 O-O
16.Nd2f3 Rf8e8
17.Nf3d4 Qc6b7
18.Ra1d1 h6
19.Rf1e1 Nd7c5
20.Bb3c2 Qb7c7
21.Nd4f5 Nc5e6
22.Bc2b3 Rd8xd1
23.Re1xd1 Ne6c5
24.Bb3c2 Be7f8
25.Qe2f3 Nc5e4
26.Bc2xe4 Re8xe4
27.Nf5xh6 Kh8
28.g3 Re4e6
29.Be3d4 { resign }
1-0

[Event "Tourn. n9594"]
[Site "www.chess-mail.com"]
[Date "2017.11.08"]
[Round "1"]
[White "Griffo30"]
[Black "Bojan"]
[WhiteElo "2140"]
[BlackElo "2000"]
[Result "1-0"]
[Round "1"]
1.d4 d5
2.c4 dxc4
3.e4 Nb8c6
4.Ng1f3 b5
5.a4 Bc8a6
6.axb5 Ba6xb5
7.Nb1c3 a6
8.Bf1xc4 e5
9.Nc3xb5 axb5
10.Bc4xb5 Bf8b4
11.Bc1d2 Bb4xd2
12.Kxd2 Ng8e7
13.Qd1c2 Kd7
14.Nf3xe5 Ke6
15.Qc2c4 Kf6
16.Qc4xf7 Kg5
17.h4 { resign }
1-0

[Event "Tourn. n9572"]
[Site "www.chess-mail.com"]
[Date "2017.11.08"]
[Round "1"]
[White "Coolant"]
[Black "Rons"]
[WhiteElo "2330"]
[BlackElo "2640"]
[Result "0-1"]
[Round "1"]
1.e4 c5
2.d4 cxd4
3.Ng1f3 Nb8c6
4.Nf3xd4 Ng8f6
5.Nb1c3 d6
6.Bc1g5 e6
7.Qd1d2 a6
8.O-O-O h6
9.Nd4xc6 bxc6
10.Bg5f4 d5
11.Qd2e3 Bf8b4
12.a3 Bb4a5
13.exd5 cxd5
14.f3 O-O
15.g4 Ba5b6
16.Qe3d2 d4
17.Nc3e4 Nf6d5
18.g5 hxg5
19.Bf4xg5 f6
20.Bg5h4 Qd8c7
21.Bf1d3 f5
22.Ne4g5 Bb6a5
23.Qd2f2 Ra8b8
24.Qf2xd4 Ba5b6
25.Qd4a4 Bb6e3
{ resign }
0-1

[Event "Tourn. n9401"]
[Site "www.chess-mail.com"]
[Date "2017.11.08"]
[Round "1"]
[White "Seger"]
[Black "Jaroslavpech"]
[WhiteElo "2680"]
[BlackElo "2200"]
[Result "1-0"]
[Round "1"]
1.c4 e5
2.e3 Ng8f6
3.Nb1c3 Nb8c6
4.d4 Bf8b4
5.Ng1e2 exd4
6.exd4 d5
7.a3 Bb4xc3
8.Ne2xc3 dxc4
9.d5 Nc6e5
10.Bc1f4 Qd8e7
11.Bf4xe5 Qe7xe5
12.Qd1e2 Qe5xe2
13.Bf1xe2 Bc8f5
14.Be2xc4 a6
15.f3 O-O-O
16.b4 Rh8e8
17.Kf2 Nf6d7
18.Rh1d1 Nd7e5
19.Bc4e2 Kb8
20.a4 Rd8d6
21.f4 Ne5g6
22.g3 Ng6e7
23.Be2f3 Bf5g6
24.Ra1a2 Ne7c8
25.a5 Bg6f5
26.h4 Rd6d8
27.b5 axb5
28.Nc3xb5 Nc8d6
29.Nb5xd6 Rd8xd6
30.g4 Bf5c8
31.Rd1b1 Ka8
32.Rb1b2 Ka7
33.h5 f6
34.Rb2e2 Bc8d7
35.Re2c2 Kb8
36.Rc2b2 Ka7
37.Rb2b1 Bd7c8
38.Rb1c1 Kb8
39.f5 h6
40.Ra2b2 Bc8d7
41.Rb2c2 Re8c8
42.Rc2e2 Rc8e8
{ time. }
1-0

[Event "Match"]
[Site "www.echecsemail.com"]
[Date "2017.11.08"]
[Round "1"]
[White "Joseph1983"]
[Black "Apdash"]
[WhiteElo "2210"]
[BlackElo "2210"]
[Result "0-1"]
[Round "1"]
1.Ng1f3 d5
2.d3 c5
3.g3 g6
4.Bf1g2 Bf8g7
5.c3 Ng8f6
6.O-O Nb8c6
7.Nb1d2 O-O
8.e4 dxe4
9.dxe4 e5
10.h3 b6
11.Qd1c2 Bc8a6
12.Rf1e1 Ba6d3
13.Qc2a4 b5
14.Qa4b3 c4
15.Qb3a3 Nf6d7
16.b3 Rf8e8
17.Bg2f1 Bg7f8
18.Qa3b2 Nd7b6
19.Bf1g2 Ra8c8
20.Nd2f1 Qd8c7
21.Nf3d2 cxb3
22.axb3 Re8d8
23.Nf1e3 Nc6e7
24.Ne3d1 Ne7c6
25.f3 Bf8c5
26.Kh2 b4
{ resign }
0-1

[Event "Match"]
[Site "www.echecsemail.com"]
[Date "2017.11.08"]
[Round "1"]
[White "Gambitmiau"]
[Black "Irene"]
[WhiteElo "1960"]
[BlackElo "2100"]
[Result "1-0"]
[Round "1"]
1.e4 e5
2.d4 exd4
3.c3 dxc3
4.Bf1c4 cxb2
5.Bc1xb2 Ng8h6
6.Ng1f3 Bf8b4
7.Nb1d2 Qd8e7
8.Bb2xg7 Rh8g8
9.Bg7xh6 Rg8xg2
10.Kf1 Rg2g6
11.Bh6e3 Bb4xd2
12.Qd1xd2 Qe7xe4
13.Bc4d5 Qe4g4
14.Nf3e5 Qg4h3
15.Ke1 f6
16.Bd5f7 Kf8
17.Bf7xg6 hxg6
18.Ne5xg6 Kf7
19.Ng6f4 Qh3f3
20.Qd2d5 Qf3xd5
21.Nf4xd5 c6
22.Nd5c7 b5
23.Nc7xa8 Nb8a6
24.Be3xa7 Bc8b7
25.Na8b6 c5
26.Rh1g1 d5
27.Nb6d7 c4
28.Nd7c5 Na6b4
29.Kd2 Bb7c6
30.a3 d4
31.axb4 f5
32.Ba7b8 Kf6
33.Ra1a6 f4
34.Ra6xc6 Kf5
35.Nc5e6 c3
36.Kc2 Ke4
37.Rg1e1 Kf3
38.Ne6xd4 Kxf2
39.Re1e2 Kf1
40.Bb8xf4 Kg1
41.Rc6f6 Kh1
42.Bf4g3 Kg1
43.Rf6f2 Kh1
44.Re2e1 { resign }
1-0

[Event "Match"]
[Site "www.echecsemail.com"]
[Date "2017.11.08"]
[Round "1"]
[White "Tonino1"]
[Black "Theo64"]
[WhiteElo "2170"]
[BlackElo "1700"]
[Result "0-1"]
[Round "1"]
1.d4 Ng8f6
2.f4 c5
3.e3 cxd4
4.exd4 g6
5.Ng1f3 Bf8g7
6.Bf1d3 O-O
7.O-O Nb8c6
8.c3 b6
9.Qd1e2 d5
10.Nf3e5 Qd8c7
11.Nb1d2 e6
12.Nd2f3 Nf6d7
13.Bc1d2 f6
14.Ne5xc6 Qc7xc6
15.Rf1e1 Rf8e8
16.Ra1c1 e5
17.fxe5 fxe5
18.dxe5 Nd7xe5
19.Nf3xe5 Re8xe5
20.Qe2f2 Re5xe1
21.Rc1xe1 Bc8d7
22.Re1e7 Ra8f8
23.Qf2g3 Qc6c5
24.Qg3e3 d4
25.Re7xg7 Kxg7
26.Qe3h6 Kg8
27.c4 Bd7f5
28.Bd3xf5 Rf8xf5
 { time }
0-1

[Event "Match"]
[Site "www.echecsemail.com"]
[Date "2017.11.08"]
[Round "1"]
[White "Apdash"]
[Black "Gidi5"]
[WhiteElo "2260"]
[BlackElo "2300"]
[Result "1/2-1/2"]
[Round "1"]
1.e4 e5
2.Ng1f3 Nb8c6
3.Bf1b5 a6
4.Bb5xc6 dxc6
5.d4 exd4
6.Qd1xd4 Qd8xd4
7.Nf3xd4 Bf8c5
8.c3 Ng8f6
9.f3 O-O
10.Bc1f4 Bc5b6
11.a4 Rf8e8
12.Nb1d2 Nf6d5
13.Bf4g3 Bb6xd4
14.cxd4 Nd5b4
15.Ke2 Nb4c2
16.Bg3xc7 Nc2xd4
17.Kf2 Nd4e6
18.Bc7b6 Ne6f4
19.b3 Nf4d3
20.Ke3 Nd3e5
21.Rh1e1 f5
22.Bb6c7 f4
23.Kd4 c5
24.Kd5 Ne5d3
25.Re1d1 a5
26.e5 Bc8e6
27.Ke4 Nd3f2
28.Kxf4 Nf2xd1
29.Ra1xd1 Re8c8
30.Bc7d6 Ra8a6
31.Rd1c1 Ra6c6
32.Nd2c4 b6
33.Ke4 Kf7
34.g4 g5
35.h4 h6
36.hxg5 hxg5
37.f4 gxf4
38.Kxf4 Rc8g8
39.Rc1g1 Be6xc4
40.bxc4 Rg8d8
41.Kf5 Rc6xd6
42.exd6 Rd8xd6
43.Rg1b1 Rd6f6
44.Kg5 { draw }
1/2-1/2

[Event "Match"]
[Site "www.echecsemail.com"]
[Date "2017.11.08"]
[Round "1"]
[White "Tonino1"]
[Black "Pwain"]
[WhiteElo "2170"]
[BlackElo "2420"]
[Result "0-1"]
[Round "1"]
1.d4 d5
2.f4 Ng8f6
3.e3 Bc8f5
4.Bf1d3 e6
5.c3 c5
6.Ng1f3 Bf5xd3
7.Qd1xd3 Nb8c6
8.O-O Bf8d6
9.Nf3e5 Qd8b6
10.Kh1 O-O
11.g4 Bd6xe5
12.g5 Be5xd4
13.exd4 Nf6e4
14.Nb1d2 cxd4
15.cxd4 Ne4xd2
16.Bc1xd2 Qb6xd4
17.Qd3xd4 Nc6xd4
18.Ra1c1 Rf8c8
19.Bd2e3 Rc8xc1
20.Rf1xc1 Nd4c6
 { time }
0-1

[Event "1/64 Finale"]
[Site "www.chess-mail.com"]
[Date "2017.11.08"]
[Round "1"]
[White "Destructor"]
[Black "Begory"]
[WhiteElo "2459"]
[BlackElo "1640"]
[Result "1-0"]
[Round "1"]
1.e4 e5
2.Ng1f3 Nb8c6
3.Bf1b5 a6
4.Bb5a4 Nc6e7
5.Nf3xe5 Ng8h6
6.d4 c6
7.Bc1xh6 gxh6
8.Qd1f3 f5
9.Qf3h5 Ne7g6
10.Ne5xg6 hxg6
11.Qh5xg6 Ke7
12.e5 d6
13.Qg6f6 Kd7
14.Qf6xh8 dxe5
15.Qh8h7 Qd8e7
16.Qh7xf5 Kd8
17.Qf5xe5 Qe7b4
18.Nb1c3 Qb4xb2
19.Kd2 h5
20.Ra1b1 Qb2a3
21.Qe5a5 Kd7
22.Nc3d5 Bf8h6
23.Kd1 Qa3d6
24.Rh1e1 b6
25.Nd5xb6 Kc7
26.Nb6xa8 Kd7
27.Ba4xc6 Qd6xc6
28.Qa5e5 Qc6xg2
29.Qe5e6 { resign }
1-0

[Event "Fast Game"]
[Site "www.echecsemail.com"]
[Date "2017.11.08"]
[Round "1"]
[White "Libiesse"]
[Black "Apdash"]
[WhiteElo "1590"]
[BlackElo "1890"]
[Result "0-1"]
[Round "1"]
1.d4 Ng8f6
2.c4 e6
3.Ng1f3 d5
4.Bc1g5 Bf8e7
5.Nb1c3 O-O
6.e3 c6
7.cxd5 Nf6xd5
8.Bg5xe7 Qd8xe7
9.Bf1d3 c5
10.O-O cxd4
11.Nc3xd5 exd5
12.Nf3xd4 Nb8c6
13.Rf1e1 Bc8e6
14.a3 Nc6e5
15.Bd3b1 Qe7h4
16.b4 Ne5g4
17.Ra1a2 Qh4xh2
18.Kf1 Qh2h1
19.Ke2 Qh1xg2
20.Re1g1 Qg2xf2
{ resign }
0-1

[Event "Fast Game"]
[Site "www.echecsemail.com"]
[Date "2017.11.08"]
[Round "1"]
[White "Attatroll"]
[Black "Apdash"]
[WhiteElo "1750"]
[BlackElo "1870"]
[Result "1/2-1/2"]
[Round "1"]
1.e4 c5
2.Nb1c3 d6
3.g4 e5
4.h3 a6
5.Bf1g2 Nb8c6
6.d3 Bc8e6
7.Bc1e3 Ng8f6
8.Ng1f3 Bf8e7
9.O-O Nc6d4
10.Nc3e2 h6
11.Nf3xd4 cxd4
12.Be3d2 Nf6h7
13.f4 exf4
14.Ne2xf4 O-O
15.Nf4h5 d5
16.exd5 Be6xd5
17.Bg2xd5 Qd8xd5
18.Rf1f5 Qd5c6
19.Rf5f4 Nh7g5
20.Qd1f1 Qc6xc2
21.Bd2c1 Be7d6
22.Rf4f2 Qc2c6
23.Bc1xg5 hxg5
24.Rf2f6 gxf6
25.Nh5xf6 Kg7
26.Nf6h5 Kg8
27.Nh5f6 Kg7
28.Nf6h5 Kg8
29.Nh5f6 { draw }
1/2-1/2

[Event "Tourn. n9525"]
[Site "www.chess-mail.com"]
[Date "2017.11.09"]
[Round "1"]
[White "Prize64"]
[Black "Claymil"]
[WhiteElo "1820"]
[BlackElo "2080"]
[Result "1-0"]
[Round "1"]
1.e4 c5
2.Ng1f3 Nb8c6
3.d4 cxd4
4.Nf3xd4 g6
5.c4 Bf8g7
6.Bc1e3 a6
7.Nb1c3 e6
8.Qd1d2 Ng8e7
9.b3 O-O
10.f3 b6
11.Ra1c1 Bc8b7
12.Bf1e2 d5
13.Nd4xc6 Bb7xc6
14.cxd5 exd5
15.Nc3xd5 Bc6xd5
16.exd5 Qd8xd5
17.Be3xb6 Qd5xd2
18.Kxd2 Ne7d5
19.Rc1c6 Nd5xb6
20.Rc6xb6 a5
21.Be2c4 Rf8d8
22.Kc2 Ra8c8
23.Rh1d1 Rd8e8
24.Kb1 Re8e7
25.Rb6d6 a4
26.Rd6d8 Re7e8
27.Rd8xe8 Rc8xe8
28.Rd1d7 Re8f8
29.bxa4 Bg7c3
30.Kc2 Bc3a5
31.Kd3 h5
32.Bc4b3 Kg7
33.Kc4 g5
34.Kb5 Ba5e1
35.a5 Rf8b8
36.Kc6 Be1xa5
37.Rd7xf7 Kg6
38.Rf7a7 Ba5d2
39.Bb3f7 Kh6
40.Bf7e6 Rb8e8
41.Be6f5 Re8h8
42.Ra7d7 Bd2c3
43.Rd7d6 Kg7
44.Rd6g6 Kf7
45.Rg6xg5 Kf6
46.f4 h4
47.Bf5d3 Rh8d8
48.Rg5g6 Kf7
49.Rg6d6 Rd8c8
50.Kd5 Bc3d2
51.g3 hxg3
52.hxg3 Rc8g8
53.Kc6 Ke7
54.Rd6d7 Ke8
55.Bd3h7 Rg8xg3
56.Rd7xd2 Rg3f3
57.Rd2d4 Kf7
58.Bh7d3 Rf3f2
59.Kb5 Kf6
60.a4 Rf2a2
61.a5 Ra2a3
62.a6 Ra3b3
63.Kc5 Rb3a3
64.Kb6 Ra3b3
65.Bd3b5 { resign }
1-0

[Event "Tourn. n9609"]
[Site "www.chess-mail.com"]
[Date "2017.11.09"]
[Round "1"]
[White "Darko10"]
[Black "Numanoid"]
[WhiteElo "2790"]
[BlackElo "2390"]
[Result "1-0"]
[Round "1"]
1.d4 g6
2.e4 Bf8g7
3.Ng1f3 d5
4.exd5 Ng8f6
5.c4 b5
6.Nb1c3 bxc4
7.Bf1xc4 O-O
8.Nf3e5 Bc8a6
9.Bc4xa6 Nb8xa6
10.Qd1a4 Qd8d6
11.Ne5c4 { resign }
1-0

[Event "Tourn. n9453"]
[Site "www.chess-mail.com"]
[Date "2017.11.09"]
[Round "1"]
[White "Osopanda"]
[Black "Passaroa25"]
[WhiteElo "1640"]
[BlackElo "1680"]
[Result "1-0"]
[Round "1"]
1.Ng1f3 c6
2.e4 d6
3.d4 e6
4.c4 Nb8d7
5.Bf1d3 Ng8e7
6.O-O Ne7g6
7.Nb1c3 Bf8e7
8.Bc1e3 O-O
9.Rf1e1 Nd7f6
10.e5 dxe5
11.dxe5 Nf6d7
12.Nc3e4 Ng6xe5
13.Nf3xe5 Nd7xe5
14.Bd3e2 Bc8d7
15.c5 f5
16.Ne4d6 Ra8b8
17.f4 Ne5f7
18.Be2c4 Be7xd6
19.cxd6 b5
20.Bc4b3 a5
21.a4 b4
22.Be3d4 Nf7xd6
23.Bd4c5 Nd6e4
24.Bc5xf8 Kxf8
25.Qd1d3 g6
26.Re1xe4 fxe4
27.Qd3xe4 Qd8e7
28.Ra1e1 c5
29.Qe4e5 Rb8b6
30.Qe5h8 Kf7
31.Qh8xh7 Kf6
32.Qh7h8 Qe7g7
33.Qh8h4 g5
34.fxg5 Qg7xg5
35.Re1f1 Kg6
36.Bb3c2 Qg5f5
37.Bc2xf5 exf5
38.Qh4h8 Bd7xa4
39.Qh8f8 Ba4c2
40.Qf8xc5 Rb6a6
41.Qc5xc2 Ra6f6
42.g4 Kf7
43.Rf1xf5 Rf6xf5
44.gxf5 Kf6
45.Qc2e4 b3
46.Kf2 Kg5
47.h4 Kh5
48.f6 Kh6
49.Qe4g4 { resign }
1-0

[Event "Tourn. n9545"]
[Site "www.chess-mail.com"]
[Date "2017.11.09"]
[Round "1"]
[White "Norlavuaram"]
[Black "Apdash"]
[WhiteElo "2080"]
[BlackElo "2000"]
[Result "0-1"]
[Round "1"]
1.e4 c5
2.Ng1f3 e6
3.c4 Nb8c6
4.Nb1c3 a6
5.Bf1e2 d6
6.O-O Ng8f6
7.d4 Nc6xd4
8.Nf3xd4 cxd4
9.Qd1xd4 Bf8e7
10.Bc1e3 Bc8d7
11.Ra1d1 Qd8c7
12.b3 O-O
13.f4 e5
14.fxe5 dxe5
15.Qd4b6 Ra8c8
16.Nc3d5 Nf6xd5
17.Rd1xd5 f6
18.Be2f3 Bd7c6
19.Rd5d2 Rf8d8
20.Rf1d1 Rd8xd2
21.Rd1xd2 Be7d8
22.Qb6b4 Bd8e7
23.Qb4c3 a5
24.Bf3g4 Be7b4
25.Qc3d3 Bb4xd2
26.Qd3xd2 Rc8d8
27.Bg4e6 Kh8
28.Qd2c2 Qc7d6
29.Be6d5 Qd6b4
30.Be3d2 Qb4c5
31.Kf1 Bc6xd5
32.exd5 Rd8xd5
33.Bd2e3 Qc5c7
{ resign }
0-1

[Event "Tourn. n9485"]
[Site "www.chess-mail.com"]
[Date "2017.11.09"]
[Round "1"]
[White "Azulmarino"]
[Black "Squeakysquaw"]
[WhiteElo "1590"]
[BlackElo "1499"]
[Result "1-0"]
[Round "1"]
1.e4 c5
2.c4 d6
3.Ng1f3 Nb8c6
4.Nb1c3 Ng8f6
5.d3 g6
6.Bc1g5 e6
7.Bf1e2 Bf8g7
8.h3 O-O
9.a3 b6
10.O-O Nc6e5
11.Qd1d2 Bc8b7
12.b3 Ne5xf3
13.Be2xf3 Qd8d7
14.Nc3b5 Nf6e8
15.Bg5h6 f6
16.Bf3g4 a6
17.Nb5c3 Rf8f7
18.Nc3d5 f5
19.exf5 exf5
20.Nd5xb6 Qd7c6
21.Nb6d5 Bg7xa1
22.Rf1xa1 fxg4
23.Bh6f4 Ne8f6
24.Nd5e3 Ra8e8
25.Ne3d5 Nf6xd5
26.Bf4h6 Nd5f4
27.f3 gxf3
28.gxf3  { time }
1-0

[Event "Tourn. n9589"]
[Site "www.chess-mail.com"]
[Date "2017.11.09"]
[Round "1"]
[White "Amaya"]
[Black "Fantomas"]
[WhiteElo "2120"]
[BlackElo "2130"]
[Result "1-0"]
[Round "1"]
1.d4 d5
2.e3 Ng8f6
3.Bf1d3 e6
4.Nb1d2 Bf8d6
5.f4 Bc8d7
6.Ng1f3 O-O
7.O-O Nf6g4
8.Qd1e2 f5
9.Nf3e5 Bd7e8
10.Ne5xg4 fxg4
11.Qe2xg4 Rf8f6
12.Nd2f3 Be8g6
13.Nf3e5 Bg6xd3
14.cxd3 Nb8d7
15.Bc1d2 Qd8e7
16.Rf1f3 c5
17.Ra1f1 cxd4
18.exd4 Ra8f8
19.Qg4g3 Rf6f5
20.Qg3h3 Rf8f6
21.Rf3g3 Rf6h6
22.Qh3xh6 { resign }
1-0

[Event "Tourn. n9581"]
[Site "www.chess-mail.com"]
[Date "2017.11.09"]
[Round "1"]
[White "Luban"]
[Black "Wegaman"]
[WhiteElo "2110"]
[BlackElo "2060"]
[Result "1-0"]
[Round "1"]
1.d4 Ng8f6
2.c4 g6
3.e3 c5
4.Ng1f3 Bf8g7
5.Nb1c3 cxd4
6.exd4 O-O
7.h3 d6
8.Bc1e3 Rf8e8
9.Bf1d3 e5
10.Qd1c2 Nb8c6
11.O-O Bc8d7
12.a3 exd4
13.Nf3xd4 Ra8c8
14.Nd4xc6 Bd7xc6
15.Ra1d1 Qd8c7
16.Be3f4 Nf6h5
17.Bf4h2 Bg7e5
18.f4 Be5d4
19.Kh1 Bc6xg2
20.Qc2xg2 Bd4xc3
21.bxc3 Re8e3
22.Rf1e1 Re3xd3
23.Rd1xd3 Qc7xc4
24.Rd3f3 Qc4c5
25.f5 { resign }
1-0

[Event "Tourn. n9569"]
[Site "www.chess-mail.com"]
[Date "2017.11.09"]
[Round "1"]
[White "Tonino1"]
[Black "Apdash"]
[WhiteElo "2310"]
[BlackElo "2210"]
[Result "0-1"]
[Round "1"]
1.d4 d5
2.f4 c5
3.e3 Nb8c6
4.c3 cxd4
5.exd4 Ng8f6
6.Ng1f3 Bc8g4
7.Bf1d3 Nf6e4
8.O-O f5
9.Nb1d2 e6
10.Qd1e1 Bf8d6
11.Nf3e5 O-O
12.Ne5xc6 bxc6
13.h3 Bg4h5
14.Nd2xe4 fxe4
15.Bd3c2 a5
16.b3 Ra8a7
17.Bc1e3 Ra7c7
18.a3 c5
19.g4 Bh5g6
20.Qe1g3 cxd4
21.Be3xd4 Rc7f7
22.Bd4e5 Bd6xe5
23.fxe5 Rf7f3
24.Rf1xf3 Rf8xf3
25.Qg3e1 Rf3xh3
26.c4 Qd8g5
27.Bc2d1 Qg5h6
28.Qe1xa5 Qh6e3
 { time }
0-1

[Event "Tourn. n9584"]
[Site "www.chess-mail.com"]
[Date "2017.11.09"]
[Round "1"]
[White "Tartan"]
[Black "Apdash"]
[WhiteElo "2560"]
[BlackElo "2240"]
[Result "1-0"]
[Round "1"]
1.e4 c5
2.Ng1f3 d6
3.d4 cxd4
4.Nf3xd4 Nb8c6
5.c4 Qd8b6
6.Nd4b3 g6
7.Bc1e3 Qb6c7
8.Nb1c3 Ng8f6
9.Nc3d5 Nf6xd5
10.cxd5 Nc6e5
11.f4 Ne5d7
12.Be3d4 f6
13.Ra1c1 Qc7d8
14.Bf1d3 Bf8g7
15.O-O O-O
16.Qd1c2 Nd7b6
17.Qc2c7 e5
18.dxe6 Bc8xe6
19.Qc7xb7 Rf8f7
20.Qb7c6 Ra8c8
21.Qc6b5 f5
22.Rc1xc8 Qd8xc8
23.exf5 Be6xb3
24.Bd4xb6 axb6
25.axb3 Bg7d4
26.Kh1 Kg7
27.fxg6 hxg6
28.Bd3xg6 Kxg6
29.Qb5d3 Qc8f5
30.Qd3xd4 Qf5c5
31.Qd4d3 Kg7
32.Qd3g3 Kf8
33.Qg3h4 Qc5d4
34.Rf1a1 Qd4xf4
35.Qh4h8 Ke7
36.Ra1a7 Ke6
37.Qh8e8 Kd5
38.Qe8xf7 { resign }
1-0

[Event "Tourn. n9565"]
[Site "www.chess-mail.com"]
[Date "2017.11.09"]
[Round "1"]
[White "Fantomas"]
[Black "Tonino1"]
[WhiteElo "2200"]
[BlackElo "2230"]
[Result "1-0"]
[Round "1"]
1.Ng1f3 Ng8f6
2.g3 g6
3.Bf1g2 Bf8g7
4.O-O O-O
5.c4 d6
6.Nb1c3 c6
7.d4 Qd8c7
8.e4 e5
9.dxe5 dxe5
10.Qd1c2 h6
11.h3 Bc8e6
12.b3 Nb8d7
13.Bc1a3 Rf8e8
14.Rf1d1 Ra8d8
15.Ba3d6 Qc7c8
16.Nf3xe5 Nd7f8
17.Kh2 Nf6h5
18.Ne5f3 f5
19.e5 g5
20.Rd1e1 Bg7h8
21.Re1e2 Nf8g6
22.Ra1e1 Nh5g7
23.c5 Be6f7
24.Nf3d4 f4
25.g4 Ng6h4
26.Bg2e4 Ng7e6
27.Nd4f5 Nh4xf5
28.Be4xf5 Ne6d4
29.Bf5xc8 Nd4xc2
30.Re2xc2 Rd8xc8
31.Rc2e2 Rc8d8
32.Re1d1 h5
33.f3 hxg4
34.hxg4 Bf7g6
35.Rd1d2 Kf7
36.Kg2 Bh8g7
37.Rd2d1 Re8h8
38.e6 Ke8
39.Nc3e4 Bg6xe4
40.Re2xe4 Bg7f6
41.Re4b4 Rh8h7
42.Rd1h1 Rh7xh1
43.Kxh1 Bf6e7
44.Rb4d4 Kf8
45.Kg1 Kg7
46.Bd6e5 Kg6
47.Be5d6 Kf6
48.Rd4e4 Rd8e8
49.Bd6e5 Kxe6
50.Be5xf4 Kd5
51.Bf4e3 b6
52.b4 bxc5
53.bxc5  { time }
1-0

[Event "Tourn. n9514"]
[Site "www.chess-mail.com"]
[Date "2017.11.09"]
[Round "1"]
[White "Griffo30"]
[Black "Bira47"]
[WhiteElo "2100"]
[BlackElo "2040"]
[Result "1-0"]
[Round "1"]
1.e4 c5
2.b3 e6
3.Bc1b2 Ng8f6
4.e5 Nf6d5
5.Ng1f3 h6
6.Nb1c3 Nd5xc3
7.Bb2xc3 a6
8.a4 Nb8c6
9.Bf1e2 Bf8e7
10.O-O O-O
11.Rf1e1 b6
12.d3 Bc8b7
13.Nf3d2 d5
14.exd6 Qd8xd6
15.Nd2e4 Qd6c7
16.Be2f3 Nc6d4
17.Ne4d2 Nd4xf3
18.Nd2xf3 Bb7xf3
19.Qd1xf3 Ra8d8
20.Qf3g4 f6
21.Qg4xe6 Rf8f7
22.a5 Rd8d6
23.axb6 Rd6xb6
24.Qe6c4 Qc7d6
25.g3 Kh7
26.Qc4xf7 Rb6b7
27.Re1e6 Qd6d7
28.Ra1xa6 Be7d8
29.Qf7xd7 Rb7xd7
30.Re6d6 Rd7xd6
31.Ra6xd6 Bd8e7
32.Rd6d7 Be7f8
33.Bc3xf6 Kg6
34.Bf6b2 h5
35.Rd7c7 Kh7
36.Bb2a3 Bf8d6
37.Rc7c6 Bd6e7
38.Ba3xc5 Be7xc5
39.Rc6xc5 g6
40.b4 Kg7
41.b5 Kf7
42.b6 Ke7
43.b7 Kd6
44.Rc5c4 Kd7
45.b8Q  { time }
1-0

[Event "Tourn. n9610"]
[Site "www.chess-mail.com"]
[Date "2017.11.09"]
[Round "1"]
[White "Fantomas"]
[Black "Bojan"]
[WhiteElo "2140"]
[BlackElo "2050"]
[Result "1-0"]
[Round "1"]
1.e4 e5
2.Ng1f3 d6
3.h3 Bf8e7
4.Bf1c4 Nb8c6
5.c3 Bc8d7
6.O-O h6
7.d4 exd4
8.Nf3xd4 Nc6a5
9.Bc4d3 Ng8f6
10.Nb1d2 Nf6h7
11.Nd2f3 g5
12.e5 O-O
13.Qd1c2 f5
14.Nd4xf5 Rf8f7
15.Nf5xh6 Kg7
16.Nh6xf7 Qd8f8
17.Bd3xh7 Qf8xf7
18.Bc1xg5 Ra8h8
19.Bg5xe7 Rh8xh7
20.Nf3g5 Qf7f4
21.Qc2xh7 { resign }
1-0

[Event "Match"]
[Site "www.echecsemail.com"]
[Date "2017.11.09"]
[Round "1"]
[White "Fangshuo"]
[Black "Tonino1"]
[WhiteElo "2040"]
[BlackElo "2260"]
[Result "1-0"]
[Round "1"]
1.e4 d6
2.Ng1f3 Ng8f6
3.Nb1c3 g6
4.d4 Bf8g7
5.Bc1f4 O-O
6.e5 Nf6h5
7.Bf4g5 h6
8.Bg5h4 Nh5f4
9.Qd1d2 dxe5
10.dxe5 Qd8xd2
11.Kxd2 Rf8d8
12.Bf1d3 g5
13.Bh4g3 Nf4xd3
14.cxd3 Bc8g4
15.Ke3 e6
16.d4 Bg4xf3
17.gxf3 Nb8c6
18.Ra1d1 Nc6b4
19.Rd1d2 Nb4d5
20.Nc3xd5 Rd8xd5
21.h4 Ra8d8
22.Rh1d1 c5
23.dxc5 Rd5xd2
24.Rd1xd2 Rd8xd2
25.Kxd2 gxh4
26.Bg3h2 a5
27.a3 Kh7
28.b4 axb4
29.axb4 Bg7f8
30.Kd3 Bf8e7
31.Kc4 Be7d8
32.b5 Kg6
33.b6 Kf5
34.Kb5 f6
35.exf6 e5
36.f7 Bd8e7
37.c6 bxc6
38.Kxc6  { time }
1-0

[Event "Match"]
[Site "www.echecsemail.com"]
[Date "2017.11.09"]
[Round "1"]
[White "Luzhin"]
[Black "Apdash"]
[WhiteElo "2380"]
[BlackElo "2210"]
[Result "1/2-1/2"]
[Round "1"]
1.e4 c5
2.Ng1f3 Nb8c6
3.Bf1b5 g6
4.Bb5xc6 bxc6
5.O-O Bf8g7
6.d3 Qd8c7
7.Rf1e1 e5
8.Nb1d2 Ng8f6
9.Nd2c4 d6
10.Bc1d2 O-O
11.h3 a5
12.b3 Bc8e6
13.Nc4b2 Nf6d7
14.Nf3g5 d5
15.Ng5xe6 fxe6
16.Nb2a4 Rf8f7
17.Qd1g4 Qc7d6
18.Ra1d1 Ra8f8
19.f3 Nd7f6
20.Qg4g3 Nf6h5
21.Qg3f2 d4
22.Bd2xa5 Bg7h6
23.Ba5d2 Nh5f4
24.Kh2 Qd6e7
25.Re1f1 Bh6g5
26.g3 Nf4xh3
27.Kxh3 Bg5xd2
28.Qf2xd2 Rf7xf3
29.Kg2 Rf3e3
30.Rf1xf8 Qe7xf8
31.Qd2f2 Qf8h6
32.Rd1f1 Qh6h5
33.Qf2f6 Re3e2
34.Rf1f2 Re2xf2
35.Qf6xf2 Qh5g4
36.Qf2f3 Qg4g5
37.Na4xc5 Qg5d2
38.Qf3f2 Qd2g5
39.Qf2f3 Qg5d2
40.Qf3f2 Qd2g5
{ draw }
1/2-1/2

[Event "Match"]
[Site "www.echecsemail.com"]
[Date "2017.11.09"]
[Round "1"]
[White "Tonino1"]
[Black "Whitekknight"]
[WhiteElo "2170"]
[BlackElo "1970"]
[Result "1-0"]
[Round "1"]
1.d4 d5
2.f4 Bc8f5
3.e3 Ng8f6
4.Bf1d3 Nf6e4
5.Ng1f3 e6
6.O-O Nb8d7
7.c3 Nd7f6
8.Qd1e2 Bf8d6
9.Nb1d2 h5
10.Nf3e5 Nf6d7
11.Nd2f3 Nd7f6
12.Bc1d2 Qd8e7
13.Bd3b5 c6
14.Ne5xc6 bxc6
15.Bb5xc6 Nf6d7
16.Bc6xa8 O-O
17.Ba8c6 Nd7f6
18.Bc6b5 Bf5g4
19.Bd2e1 Qe7b7
20.Bb5d3 Bg4xf3
21.gxf3 Bd6c7
22.fxe4 dxe4
23.Bd3c4 Nf6d5
24.Be1g3 g6
25.Bc4b3 Nd5f6
26.Qe2g2 Kh7
27.Bg3h4 Nf6g4
28.Qg2g3 Rf8g8
29.h3 Ng4h6
30.Bh4f6 Nh6f5
31.Qg3e1 Bc7d8
32.Bf6xd8 Rg8xd8
33.c4 Qb7e7
34.Kh2 Rd8g8
35.Ra1d1 g5
36.d5 g4
37.Bb3c2 g3
38.Kg2 Nf5h4
39.Kg1 f5
40.dxe6 Nh4f3
41.Rf1xf3 exf3
42.Bc2xf5 Kh6
43.Rd1d7 f2
44.Qe1xf2 gxf2
45.Kxf2 Qe7h4
46.Kf3 Qh4g3
47.Ke4 Qg3g2
48.Kd3 Rg8g7
49.e7 Qg2f1
50.Kd4 Qf1d1
51.Ke5 Qd1xd7
52.Bf5xd7 Rg7xe7
53.Kd6 Re7xe3
54.c5 Re3d3
55.Ke7 Rd3d2
56.c6 Rd2c2
57.Kd8 Rc2xb2
58.c7 Rb2c2
59.c8Q Rc2xc8
60.Bd7xc8 h4
61.a4 a5
62.Kc7 { resign }
1-0

[Event "Match"]
[Site "www.echecsemail.com"]
[Date "2017.11.09"]
[Round "1"]
[White "Gidi5"]
[Black "Guidom"]
[WhiteElo "2290"]
[BlackElo "2150"]
[Result "1/2-1/2"]
[Round "1"]
1.e4 e5
2.Ng1f3 Nb8c6
3.Bf1c4 d6
4.h3 Bf8e7
5.O-O Ng8f6
6.Rf1e1 O-O
7.c3 h6
8.d4 exd4
9.cxd4 Nf6h7
10.Nb1c3 Nc6a5
11.Bc4f1 Bc8d7
12.d5 b6
13.e5 dxe5
14.Nf3xe5 Be7f6
15.Bc1f4 Na5b7
16.Nc3b5 Bd7xb5
17.Bf1xb5 Nb7d6
18.Bb5c6 Ra8c8
19.Ne5d7 Bf6xb2
20.Ra1b1 Bb2a3
21.Nd7xf8 Nh7xf8
22.Qd1g4 Nf8g6
23.Bf4xd6 Ba3xd6
24.Qg4a4 Qd8f6
25.Rb1b3 a5
26.Rb3f3 Qf6g5
27.Rf3e3 Ng6h4
28.Qa4g4 Qg5xg4
29.hxg4 Nh4g6
30.Re3e8 Rc8xe8
31.Re1xe8 Kh7
32.Kf1 Ng6e5
33.f3 Kg6
34.Bc6b5 Kf6
35.Ke2 Ne5g6
36.Kd2 Ng6f4
37.Bb5c4 Nf4xg2
38.Bc4f1 Ng2f4
39.Bf1c4 Nf4g6
40.Bc4d3 Ng6e5
41.Bd3e2 Kg5
42.Ke3 Ne5d7
43.Re8e4 Bd6c5
44.Kd3 Bc5d6
45.Ke3 Bd6c5
46.Kd3 Bc5d6
47.Ke3 { draw }
1/2-1/2

[Event "Match"]
[Site "www.echecsemail.com"]
[Date "2017.11.09"]
[Round "1"]
[White "Lcbunghai"]
[Black "Iko"]
[WhiteElo "1799"]
[BlackElo "1610"]
[Result "1-0"]
[Round "1"]
1.d4 d5
2.c4 dxc4
3.e3 Nb8c6
4.Bf1xc4 e5
5.Ng1e2 e4
6.O-O Qd8d6
7.Nb1c3 f5
8.a3 Bc8e6
9.Bc4xe6 Qd6xe6
10.d5 Qe6h6
11.dxc6 Bf8d6
12.h3 bxc6
13.Qd1a4 Ng8e7
14.Nc3d5 g5
15.Nd5xe7 Kxe7
16.Qa4xc6 g4
17.Ne2g3 gxh3
18.Ng3xf5 Kf7
19.Nf5xh6 Kg7
20.Nh6f5 Kf6
21.Nf5xd6 Ke5
22.Nd6f7 Kf5
23.g4 Kxg4
24.Qc6xe4 Kh5
25.Qe4f5 Kh4
26.Qf5g5 
1-0

[Event "Match"]
[Site "www.echecsemail.com"]
[Date "2017.11.09"]
[Round "1"]
[White "Iko"]
[Black "Azorau"]
[WhiteElo "1610"]
[BlackElo "1860"]
[Result "0-1"]
[Round "1"]
1.e4 e5
2.Ng1f3 Nb8c6
3.d4 exd4
4.Nf3xd4 Qd8e7
5.Nd4xc6 Qe7xe4
6.Qd1e2 Qe4xe2
7.Bf1xe2 bxc6
8.O-O a5
9.Rf1e1 Bf8e7
10.Bc1f4 d6
11.Nb1c3 Ng8f6
12.Be2f3 Bc8b7
13.Re1e2 Bb7a6
14.Bf3xc6 Kf8
15.Bc6xa8 Ba6xe2
16.Nc3xe2 g6
17.Bf4h6 Ke8
18.Ra1e1 Nf6g4
19.Bh6g7 Rh8g8
20.Bg7c3 Kd7
21.Re1d1 Rg8xa8
22.Rd1d5 a4
23.Rd5a5 Ra8xa5
24.Bc3xa5 Be7h4
25.f3 Ng4e3
26.Ne2d4 c5
27.g3 Bh4f6
28.g4 cxd4
29.Ba5d2 Ne3xc2
30.a3 Nc2a1
31.Bd2b4 Na1c2
32.Bb4d2 d3
33.Kf2 Bf6xb2
34.Kg3 Nc2xa3
35.Bd2h6 f6
36.Bh6g7 d2
37.Bg7h6 g5
38.h4 d1Q
39.hxg5 Bb2e5
40.f4 Qd1e1
41.Kf3 Be5d4
42.Bh6g7 Qe1e3
43.Kg2 Qe3f2
44.Kh3 Qf2f3
45.Kh4 Bd4f2
46.Kh5 Qf3h3

0-1